| 000 | 00000nam##2200000za#4500 |
| 001 | 9.697977 |
| 003 | CaOODSP |
| 005 | 20210624235724 |
| 007 | cr ||||||||||| |
| 008 | 150407|2004||||xxc|||||o f|0| 0 eng|d |
| 040 | |aCaOODSP|beng |
| 043 | |an-cn--- |
| 086 | 1 |aEn4-196/2004E-PDF |
| 110 | 1 |aCanada. |bEnvironment Canada. |bAudit and Evaluation Branch. |
| 245 | 10|aLocal Purchase Order Authority case study |h[electronic resource] |
| 260 | |aGatineau - Quebec : |bEnvironment Canada. |cNovember 2004. |
| 300 | |a54p.|bfigs. (some coloured), tables |
| 504 | |aBibliography. |
| 590 | |a13-14-Supp|b2013-05-30 |
| 690 | 07|aPurchasing|2gcpds |
| 775 | 08|tÉtude de cas des autorisations d'achats locaux |w(CaOODSP)9.641972 |
| 856 | 40|ahttp://publications.gc.ca|qPDF|s354 KB|uhttps://publications.gc.ca/collections/collection_2013/ec/En4-196-2004-eng.pdf |